Percy Jackson - Statistiques

Statistiques générales
  • Ce quiz a été pris 981 fois
  • Le résultat moyen est 10 sur 14
Statistiques - réponses
Description Réponse % Correct
Fils de Poséidon, héros principal Percy Jackson
99%
Fille d'Athéna Annabeth Chase
85%
Titan, il est le principal antagoniste des livres Cronos
82%
Centaure, il est l'instructeur de la colonie Chiron
81%
Cyclope, fils de Poséidon Tyson
77%
Fils de Hadès, fan du jeu de carte Mythomagic Nico di Angelo
76%
Satyre Grover Underwood
71%
Fille d'Hadès, elle rejoint les chasseresses et meurt lors d'une quete Bianca di Angelo
67%
Fille de Zeus, elle est transformée en pin pour éviter la mort Thalia Grace
67%
Pégase noir, il aide le héros après qu'il l'est sauvé Blackjack
64%
Fille d'Aphrodite, elle est une espionne de Cronos Silena Beauregard
58%
Fils d'Hephaïstos, il meurt lors de l'explosion d'un bateau Charles Beckendorf
50%
Fils de Némésis, il permettra au seigneur des titans de revenir en lui prêtant allégeance Ethan Nakamura
48%
Fils d'Hermès, il trahit la colonie lors du premier tome Luc Castellan
31%
Aucun quiz correspondant
Distribution des résultats
% des personnes avec chaque résultat
Percentile par nombre de réponses
Votre historique - résultats
Vous n’avez pas pris ce quiz